LEADER 01019nam 2200349 450 001 9910149634403321 005 20221223054702.0 010 $a3-318-05263-9 035 $a(CKB)3780000000102885 035 $a(NjHacI)993780000000102885 035 $a(EXLCZ)993780000000102885 100 $a20221223d1985 uy 0 101 0 $aeng 135 $aur||||||||||| 181 $ctxt$2rdacontent 182 $cc$2rdamedia 183 $acr$2rdacarrier 200 10$aUnderstanding dental caries$hVolume 1$ietiology and mechanisms basic and clinical aspects /$fG. Nikiforuk 210 1$aBasel :$cS. Karger AG,$d[1985] 210 4$dİ1985 215 $a1 online resource (xiv, 306 pages) $cillustrations 311 $a3-8055-3864-2 606 $aDental caries 615 0$aDental caries. 676 $a617.67 700 $aNikiforuk$b G.$01215293 801 0$bNjHacI 801 1$bNjHacl 906 $aBOOK 912 $a9910149634403321 996 $aUnderstanding Dental Caries$92807826 997 $aUNINA LEADER 01160nam 2200397 450 001 9910795539303321 005 20220702191021.0 010 $a1-914228-36-7 035 $a(MiAaPQ)EBC6745877 035 $a(Au-PeEL)EBL6745877 035 $a(CKB)20343406400041 035 $a(OCoLC)1291314065 035 $a(EXLCZ)9920343406400041 100 $a20220702d2021 uy 0 101 0 $aeng 135 $aurcnu|||||||| 181 $ctxt$2rdacontent 182 $cc$2rdamedia 183 $acr$2rdacarrier 200 10$aBalisong /$fJennifer Adam 210 1$a[Place of publication not identified] :$cSalamander Street Ltd.,$d[2021] 210 4$dİ2021 215 $a1 online resource (59 pages) 311 08$aPrint version: Adam, Jennifer Balisong La Vergne : Salamander Street Ltd.,c2021 327 $aFront Cover -- Title Page -- Copyright Page -- Contents -- Balisong. 606 $aKnives 615 0$aKnives. 676 $a621.932 700 $aAdam$b Jennifer$01502805 801 0$bMiAaPQ 801 1$bMiAaPQ 801 2$bMiAaPQ 906 $aBOOK 912 $a9910795539303321 996 $aBalisong$93730788 997 $aUNINA